| 000 | 00445nam a2200181Ia 4500 | ||
|---|---|---|---|
| 003 | STCL | ||
| 008 | 181203s9999 xx 000 0 und d | ||
| 020 | _a9788182665743 | ||
| 040 |
_aSTCL _bEN _cSTCL |
||
| 082 | _222 | ||
| 100 | _aSubash Chandra Bose | ||
| 245 | 0 | _aആത്മകഥ | |
| 246 | _aAthmakatha / An Indian pilgrim | ||
| 260 |
_bMathrubhumi Books _aKozhikode _c2015 |
||
| 300 | _a190 | ||
| 546 | _aMalayalam | ||
| 942 |
_2ddc _cBK |
||
| 999 |
_c85450 _d85450 |
||